000 00687nam a2200205 a 4500
001 3622
005 20140414132032.0
008 040603s19uu xx 00 eng d
020 _a0-88708-237-8
050 _aTR
_bL72 1992
100 _aTharlet, Eve
245 _aLittle pig, bigger trouble /
_cwritten and illustrated by Eve Tharlet ; translated and adapted by Andrew Clements.
260 _aLondon :
_bPicutre Book Studio,
_c1992.
300 _a1 v. p. ; ill.
500 _aTR/PS
520 _aHenri the pig's penchant for getting into trouble involves him with a cake-aholic cow and runaway car.
650 _aPigs
_xFiction.
650 _aChildren stories.
999 _c113638
_d113638